[Event "Oberliga Wuerttemberg 1718"]
[Site "Wuerttemberg"]
[Date "2018.04.22"]
[Round "9.36"]
[White "Krockenberger, Martin"]
[Black "Egle, Heiko"]
[Result "1/2-1/2"]
[WhiteElo "2220"]
[BlackElo "2214"]
[PlyCount "116"]
[EventDate "2017.09.17"]
[EventType "team-tourn"]
[EventRounds "9"]
[EventCountry "GER"]
[SourceTitle "EXT 2019"]
[Source "ChessBase"]
[SourceDate "2018.10.10"]
[SourceVersion "1"]
[SourceVersionDate "2018.10.10"]
[SourceQuality "1"]
[WhiteTeam "Schmiden Cannstatt"]
[BlackTeam "Ulm Weisse Dame"]
[WhiteTeamCountry "GER"]
[BlackTeamCountry "GER"]

1. d4 d5 2. c4 e6 3. Nf3 Nf6 4. g3 dxc4 5. Bg2 Be7 6. 0-0 c6 7. Ne5 0-0 8. Nc3 Nd5 9. Nxc4 b5 10. Ne5 Bb7 11. Qb3 a6 12. Bd2 Nd7 13. Nxd7 Qxd7 14. Ne4 Nf6 15. Nxf6+ Bxf6 16. Bb4 Rfe8 17. Rfd1 Qc7 18. f4 a5 19. Bc5 Rac8 20. Rac1 Ba6 21. e3 g6 22. Rd2 Bd8 23. Qd1 b4 24. g4 Bb5 25. g5 h5 26. gxh6 Kh7 27. a4 bxa3 28. bxa3 a4 29. Rb2 Be7 30. Qd2 Qd8 31. Qb4 Kxh6 32. Bxe7 Rxe7 33. Qc5 Rec7 34. Qe5 Qe7 35. Rc5 Bd3 36. Qg5+ Qxg5 37. fxg5+ Kg7 38. Rb4 Bb5 39. Bf3 f6 40. gxf6+ Kxf6 41. Bd1 Bd3 42. Bxa4 Ra8 43. Rc3 Be4 44. Bd1 Ra5 45. Rb2 Rh7 46. Rf2+ Rf5 47. Rxf5+ gxf5 48. a4 Rg7+ 49. Kf1 Rh7 50. Ra3 Rxh2 51. a5 Rh7 52. a6 Ra7 53. Be2 e5 54. Ra5 exd4 55. exd4 Kg5 56. Kf2 Kf4 57. Ra4 Bd5 58. Bd3 Be4 1/2-1/2